|
|
|
|
| LEADER |
01110nam a22002897a 4500 |
| 001 |
37776 |
| 003 |
BD-DhAAL |
| 005 |
20220222160630.0 |
| 008 |
220222t1968 pk c b 000 0 eng d |
| 999 |
|
|
|c 43556
|d 43556
|
| 010 |
|
|
|a sa 68010465
|
| 040 |
|
|
|a DLC
|c DLC
|d DLC
|d BD-DhAAL
|
| 050 |
0 |
0 |
|a LA1156
|b .Z85 1968
|
| 082 |
|
|
|a 370.95491
|2 23
|
| 100 |
1 |
|
|a Zulfaqar Ali, S. N. Q.
|9 45983
|
| 245 |
1 |
4 |
|a The modern teacher /
|c S.N.Q. Zulfaqar Ali. With a foreword by M.O. Ghani.
|
| 250 |
|
|
|a Second edition
|
| 260 |
|
|
|a Dacca,
|b Book Villa,
|c 1968.
|
| 300 |
|
|
|a 157 pages :
|b illustrations ;
|c 22 cm.
|
| 504 |
|
|
|a Includes bibliographical references (pages [147]-149).
|
| 526 |
|
|
|a BIED
|
| 541 |
|
|
|a Complimentary copy from BIED
|e 37776
|
| 650 |
|
0 |
|a Education
|z Pakistan.
|9 45984
|
| 651 |
|
0 |
|a Pakistan
|x Languages.
|9 45985
|
| 852 |
|
|
|a Ayesha Abed Library
|c BIED Collection
|
| 942 |
|
|
|2 ddc
|c BK
|
| 952 |
|
|
|0 0
|1 0
|2 ddc
|4 0
|6 370_954910000000000_ZUL
|7 0
|9 69860
|a BRACUL
|b BRACUL
|c GEN
|d 2022-02-22
|e Complimentary copy from BIED
|l 0
|o 370.95491 ZUL
|p 3010037776
|r 2022-02-22
|t 1
|w 2022-02-22
|y BK
|x Transferred from BIED to General Stacks
|